Central Library OPAC University of Rajshahi

Principles and techniques of silkworm breeding / (Record no. 14630)

MARC details
000 -LEADER
fixed length control field 00583nam a2200193 4500
001 - CONTROL NUMBER
control field 14630
003 - CONTROL NUMBER IDENTIFIER
rucl marc code BD-RjUL
005 - DATE AND TIME OF LATEST TRANSACTION
control field 20211208235649.0
008 - FIXED-LENGTH DATA ELEMENTS--GENERAL INFORMATION
fixed length control field 140206s1997 ii ||||| |||| 00| 0 eng d
035 ## - SYSTEM CONTROL NUMBER
System control number (BD-RjUL)14683
040 ## - CATALOGING SOURCE
Original cataloging agency BD-RjUL
Language of cataloging eng
Transcribing agency BD-RjUL
Modifying agency BD-RjUL
041 ## - LANGUAGE CODE
Language code of text/sound track or separate title eng
082 ## - DEWEY DECIMAL CLASSIFICATION NUMBER
Classification number 638.2
Author mark and year PRI 1997
245 ## - TITLE STATEMENT
Title Principles and techniques of silkworm breeding /
260 ## - PUBLICATION, DISTRIBUTION, ETC. (IMPRINT)
Place of publication, distribution, etc. New York : United Nations,
Name of publisher, distributor, etc. Economic and Social Commission for Asia and the Pacific,
Date of publication, distribution, etc. 1999
300 ## - PHYSICAL DESCRIPTION
Pagination vi, 114 p. :
Illustrations ill. ;
Size 27 cm.
650 ## - SUBJECT ADDED ENTRY--TOPICAL TERM
Topical term or geographic name as entry element silkworm
9 (RLIN) 163643
942 ## - ADDED ENTRY ELEMENTS (KOHA)
Source of classification or shelving scheme Dewey Decimal Classification
Koha item type Books
Holdings
Lost status Source of classification or shelving scheme Damaged status Not for loan Collection code Permanent Location Current Location Shelving location Date acquired Source of acquisition Cost, normal purchase price Total Checkouts Full call number Date last seen Copy number Koha item type
  Dewey Decimal Classification     Non-fiction Central Library, University of Rajshahi Central Library, University of Rajshahi   01/12/2010 Paragon Enterprises 240.00   638.2 PRI 1997 06/02/2014 C-3 Books
  Dewey Decimal Classification     Non-fiction Central Library, University of Rajshahi Central Library, University of Rajshahi   01/12/2010 Dhaka paragon Enterprise 240.00   638.2 PRI 1997 12/11/2016 C-2 Books
  Dewey Decimal Classification   Not For Loan Non-fiction Central Library, University of Rajshahi Central Library, University of Rajshahi Reading Room 01/12/2010 Paragon Enterprises 240.00   638.2 PRI 1997 06/06/2017 C-1 Books